The beat goes on /

Salvato in:
Dettagli Bibliografici
Autore principale: Pivano, Fernanda (Autore)
Altri autori: Harari, Guido
Natura: Libro
Lingua:italiano
Pubblicazione: Milano : Mondadori, 2004
Soggetti:
Tags: Aggiungi Tag
Nessun Tag, puoi essere il primo ad aggiungerne!!

MARC

LEADER 00000nam a2200000 i 4500
001 IT\ICCU\RAV\1210416
003 ItRI
005 20260115231850.0
008 040519s2004 it |||||| ||||| |||||c
015 |2 IT  |a 2004-5455 
020 |a 8804512024 
040 |b ita  |c importazione bologna sebina 
041 7 |a ita  |2 ISO-639-2 
082 |a 810.9005  |9 LETTERATURA AMERICANA IN LINGUA INGLESE, 1900-1999  |2 21 
100 1 |a Pivano, Fernanda  |0 IT\ICCU\CFIV\037838  |4 aut 
245 1 4 |a The beat goes on /  |c Fernanda Pivano ; a cura di Guido Harari. 
260 |a Milano :  |b Mondadori,  |c 2004 
300 |a 211 p. :  |b ill. ;  |c 24 cm 
500 |a Front. su due pagine. 
650 7 |a Pivano, Fernanda  |x Autobiografia  |2 scbi 
700 1 |a Harari, Guido  |0 IT\ICCU\BVEV\012169 
942 |2 ddc  |c BK  |n 0 
952 |0 0  |1 0  |4 0  |6 DOC_810_900000000000000_PIV  |7 0  |9 14626  |a BO  |b BO  |d 2026-01-15  |i 11002  |l 0  |o DOC 810.900 PIV  |p BO11002  |r 2026-01-15 23:18:50  |w 2026-01-15  |x [Sebina 7] [1 v.]  |y BK  |z 1 v. 
999 |c 12614  |d 12614